000 01096nam a22003257a 4500
003 CHAP
005 20220329135931.0
008 971013s1965 r 00010 d
010 _a44319
011 _a45291
035 _a49430
040 _cCHAP
082 _a575.1
_bT38
100 0 0 _aTaylor, James Herbert
_eed.
_9111804
245 _aSelected papers on molecular genetics; a colletion of reprints, with introductory material
260 _aNew York :
_bAcademic Press,
_c1965
300 _a649 p.
_b: ilus.
490 _aPerspectives in modern biology
590 _aBATCH-UPD
_b10
_c20130110
_lUCH01
_h1817
590 _aBATCH-UPD
_b10
_c20130410
_lUCH01
_h1151
590 _aBATCH-UPD
_b10
_c20130914
_lUCH01
_h0305
590 _aCONVERSION
_b10
_c20130109
_lUCH01
_h1324
650 1 4 _aAcidos nucléicos.
_9603
650 1 4 _aGenética.
_947469
830 0 _aPerspectives in modern biology
_987331
901 _aBK
942 _cLIBRO
949 _a575.1 T38
_bBC
_cLIBRO
_d33724000402012
_eLIBRO
_fc.2
_h17114
_i49430
_si
949 _a575.1 T38
_bBC
_cLIBRO
_d33724000402145
_eLIBRO
_h17112
_i49430
_si
999 _c44319
_d44319